World Cup host nations - Statistics

General Stats
  • This quiz has been taken 48 times
  • The average score is 29 of 33
Answer Stats
Year Country % Correct
1938 France
98%
1998 France
98%
1978 Argentina
96%
2030 Argentina
96%
1950 Brazil
96%
2014 Brazil
96%
2006 Germany
96%
1970 Mexico
96%
1986 Mexico
96%
2026 Mexico
96%
1994 United States
96%
2026 United States
96%
1930 Uruguay
96%
2030 Uruguay
96%
1934 Italy
94%
1990 Italy
94%
2022 Qatar
94%
2018 Russia
94%
2002 Japan
89%
2030 Portugal
89%
2010 South Africa
89%
2002 South Korea
89%
1982 Spain
87%
2030 Spain
87%
2026 Canada
85%
1962 Chile
85%
1966 England
85%
2034 Saudi Arabia
79%
1958 Sweden
79%
2030 Morocco
74%
1954 Switzerland
68%
2030 Paraguay
66%
1974 West Germany
55%
No matching quizzes found
Score Distribution
Percent of People with Each Score
Percentile by Number Answered
Your Score History
You have not taken this quiz